Algunas consideraciones en la investigación contable a lo largo de la historia. (Registro nro. 16960)

Detalles MARC
000 -LEADER
fixed length control field 00381 a2200109 4500
001 - CONTROL NUMBER
control field ART_19555
005 - DATE AND TIME OF LATEST TRANSACTION
control field 20260410161721.0
008 - FIXED-LENGTH DATA ELEMENTS--GENERAL INFORMATION
fixed length control field 260409a
100 1# - MAIN ENTRY--PERSONAL NAME
Personal name D´Onofrio, Paula Alejandra
245 10 - TITLE STATEMENT
Title Algunas consideraciones en la investigación contable a lo largo de la historia.
773 0# - HOST ITEM ENTRY
Title Contabilidad y auditoría
Related parts - Año 19, Nº 37 (jun.2013)
Record control number REV1723

No hay ítems disponibles.